000 00406nam a22001577a 4500
003 SGT
020 _a9789352501809
082 _a616.07
_bC16D
100 _aDAY, PRANAB
245 _aCASE BASED APPROACH FINE NEEDLE ASPIRATION CYTOLOGY
260 _aINDA
_bJAYPEE PUB
_c2023
300 _a375
650 _aPATHOLOGY
653 _aCASE BASED APPROACH FINE NEEDLE ASPIRATION CYTOLOGY
942 _2ddc
_cBK
999 _c25324
_d25324